| 000 | 00468nam a2200193Ia 4500 | ||
|---|---|---|---|
| 008 | 170918s9999 xx 000 0 und d | ||
| 020 | _a9780439757812 | ||
| 050 | _bS699 2006 | ||
| 100 | _aSonnenblick, Jordan | ||
| 245 | _aNotes from the midnight driver / | ||
| 245 | _cby Jordan Sonnenblick. | ||
| 260 | _aNew York : | ||
| 260 | _bScholastic, | ||
| 260 | _c2006 | ||
| 300 | _a265 pages : | ||
| 300 | _billustrations ; | ||
| 300 | _c20cm. | ||
| 500 | _a930 | ||
| 999 |
_c343295 _d343295 |
||